The alto knights / directed by Barry Levinson ; produced by Irwin Winkler, Barry Levinson, Jason Sosnoff, Charles Winkler, David Winkler ; written by Nicholas Pileggi. (Record no. 20947)

000 -LEADER
fixed length control field 01184nam a22002777a 4500
008 - FIXED-LENGTH DATA ELEMENTS--GENERAL INFORMATION
fixed length control field 250528b xxu||||| |||| 00| 0 eng d
040 ## - CATALOGING SOURCE
Original cataloging agency Cagayan State University
082 ## - DEWEY DECIMAL CLASSIFICATION NUMBER
Classification number 791.4372
Item number A4691 2025
245 ## - TITLE STATEMENT
Title The alto knights / directed by Barry Levinson ; produced by Irwin Winkler, Barry Levinson, Jason Sosnoff, Charles Winkler, David Winkler ; written by Nicholas Pileggi.
260 ## - PUBLICATION, DISTRIBUTION, ETC. (IMPRINT)
Place of publication, distribution, etc United States :
Name of publisher, distributor, etc Warner Bros. Pictures,
Date of publication, distribution, etc 2025.
300 ## - PHYSICAL DESCRIPTION
Extent 1 videofile, (ca. 123 mins.) :
Other physical details sound, color.
520 ## - SUMMARY, ETC.
Summary, etc Two of New York City's most notorious organized crime bosses vie for control of the city's streets. Once best friends, petty jealousies and a series of betrayals set them on a deadly collision course.
521 ## - TARGET AUDIENCE NOTE
Target audience note Rated R for violence and pervasive language.
650 ## - SUBJECT ADDED ENTRY--TOPICAL TERM
Topical term or geographic name as entry element Biography.
650 ## - SUBJECT ADDED ENTRY--TOPICAL TERM
Topical term or geographic name as entry element History.
650 ## - SUBJECT ADDED ENTRY--TOPICAL TERM
Topical term or geographic name as entry element Crime.
650 ## - SUBJECT ADDED ENTRY--TOPICAL TERM
Topical term or geographic name as entry element Drama.
700 ## - ADDED ENTRY--PERSONAL NAME
Personal name De Niro, Robert, star.
700 ## - ADDED ENTRY--PERSONAL NAME
Personal name Messing, Debra, star.
700 ## - ADDED ENTRY--PERSONAL NAME
Personal name Jarvis, Cosmo, star.
700 ## - ADDED ENTRY--PERSONAL NAME
Personal name Narducci, Kathrine, star.
700 ## - ADDED ENTRY--PERSONAL NAME
Personal name Rispoli, Michael, star.
700 ## - ADDED ENTRY--PERSONAL NAME
Personal name Spinotti, Dante, cinematographer.
700 ## - ADDED ENTRY--PERSONAL NAME
Personal name Crise, Douglas, editor.
942 ## - ADDED ENTRY ELEMENTS (KOHA)
Source of classification or shelving scheme
Item type Audio-Visual Materials
Holdings
Source of acquisition Price effective from Permanent location Date last seen Not for loan Date acquired Source of classification or shelving scheme Koha item type Collection code Shelving location Damaged status Lost status Withdrawn status Current location Full call number
Donation2025-05-28Cagayan State University - Carig Library2025-05-28 2025-05-28 Audio-Visual MaterialsElectronic Media CenterElectronic Media Center   Cagayan State University - Carig Library791.4372 A4691 2025

Cagayan State University University Library, Carig Campus
Tuguegarao City, Cagayan 3500 | www.csucarig.edu.ph

Powered by Koha